000 00422nam a2200133Ia 4500
008 151001s9999||||xx |||||||||||||| ||und||
100 _aमधुसूदन कालेलकर
245 _aनाते युगायुगाचे
250 _a1
260 _b"मॅजेस्टीक पब्लिशिंग हाऊस, ठाणे "
260 _c1983
300 _a88
365 _b18
999 _c963071
_d963068